000 01035cab a2200337 4500
001 WB3034-15
008 090401t1994 xxu||||| |||| 00| 0 eng d
035 _a(Sirsi) u46982
041 _aeng
100 _aLondon, S.
245 _aProperty lending and property cycles
260 _c1994
350 _a0
490 _aFinancial Times
_v16 September 1994, 13(1)
520 _aAssesses future trends in bank lending to property and how this will affect the property cycle. Also comments on the importance of VGN12.
650 _aBANK LENDING
650 _aDEBT
650 _aESTIMATED REALISATION PRICE
650 _aOPEN MARKET VALUE
650 _aPROPERTY BOOM
650 _aPROPERTY COMPANIES
650 _aPROPERTY CYCLES
650 _aPROPERTY LENDING
650 _aVALUATION ISSUES
650 _aVGN 12
690 _aPROPERTY-COMMERCIAL PROPERTY-COMMERCIAL PROPERTY FINANCE AND INVESTMENT
690 _aFINANCE AND INVESTMENT
690 _aRATING AND VALUATION
942 _n0
948 _c04/03/1997
999 _c29633
_d29633